000 00399 a2200145 4500
005 20250319132700.0
020 _a9966-945-33-4
082 _a513.22 MAC
111 _aMACMILLAN PUBLISHERS LTD.
245 _aMacmillan Four-Figure Mathematical Tables & Formulae
250 _a3rd Ed.
260 _aNairobi,
_bMacmillan Kenya (Publishers) Ltd.
_c2005.
300 _a50p.: table
_c21cm.
942 _2ddc
_cBKS
999 _c985
_d985